000 00602nam a2200229Ia 4500
005 20250425161736.0
008 250425s9999 xx 000 0 und d
020 _a9978840079
041 _aspa
043 _aec
082 _a986.6
100 _aAYALA MORA, ENRIQUE
245 0 _aNUEVA HISTORIA DEL ECUADOR: VOLUMEN 5. EPOCA COLONIAL III: PERSPECTIVA GENERAL DE LA COLONIA
250 _a1A ED.
260 _aEcuador
_bCORPORACION EDITORA NACIONAL
_c1989
260 _aQUITO
300 _a243
650 _aECUADOR-HISTORIA
650 _aEPOCA COLONIAL
942 _c01
010 _a27079
999 _c215177
_d215177